000 00519nam a2200181 4500
001 136214
003 ES-MaACL
005 20250825063336.0
007 t|
008 070214s1972 sp r ||||1| spa d
100 1 _aSabater Tomas, Antonio
_9101181
245 1 0 _aPeligrosidad social y delincuencia /
_cAntonio Sabater Tomás.
250 _a1ª. ed.
260 _aBarcelona :
_bNauta,
_c1972.
300 _a470 p., 44 lám. ;
_c23 cm.
852 _aES-MaACL
_jC-52335
_bR.85828
999 _c136214
_d136214